| 000 | 01242nam0a2200313 4500 | ||
|---|---|---|---|
| 001 | RU\NLR\bibl\882239 | ||
| 005 | 20260406085432.0 | ||
| 010 |
_a5-465-00598-X _915000 |
||
| 021 |
_aRU _b2005-51994 _92535 |
||
| 035 | _a(NLR Aleph) 000870799 | ||
| 090 |
_a1598210 _c1598210 |
||
| 100 | _a20051202d2005 |||y0rusy50 ca | ||
| 101 | 0 | _arus | |
| 102 | _aRU | ||
| 105 | _aa ||||||||| | ||
| 200 | 1 |
_aЛисичка-сестричка и серый волк _eкнижка с наклейками! _e[для детей дошкольного возраста _fхудож. В. Л. Вахтин] |
|
| 210 |
_aРеутов _cОмега _d2005 |
||
| 215 |
_a[8] с. _cил., цв. ил. _d25 _e[1] л. цв. наклеек |
||
| 225 | 1 | _aКнижка с наклейками | |
| 225 | 1 | _aЧитаем по слогам | |
| 606 | 1 |
_aРусский язык _jХрестоматии для дошкольного обучения _91533567 _3RU\NLR\auth\66969347 |
|
| 686 | _aШ141.12-921хрест | ||
| 702 | 1 |
_8rus _7ca _aВахтин _cхудожник _bВ. Л. _gВиктор Л. _3RU\NLR\AUTH\7755025 _937957 |
|
| 801 | 0 |
_aRU _bNLR _c20051202 _grcr |
|
| 801 | 1 |
_aRU _bNLR _c20051202 |
|
| 942 | _cBOOK | ||
| 980 | _aNB | ||